02839 a2200301 450000500170000002000180001705000210003510000270005624500470008325000230013026400420015330000310019533600260022633700280025233800270028050000200030750500060032752014890033365000260182265000220184865000290187094200470189995201410194695201400208795201410222795201520236899900170252020250218133137.0 a978197518001000aQM 601bSAD 20241 aSadler, T. W.eauthor.10aLangman's medical embryology /cT.W Sadler aFifteenth edition. 1aPhiladelphia :bWolters Kluwer,c2024 a434 pagesbillustrations ; atext2rdacontentbtxt aunmediated2rdamediabn avolume2rdacarrierbnc aIncludes index. a. a"Every student will be affected by pregnancy, either their mother's, because what happens in the womb does not necessarily stay in the womb, or by someone else's. As health care professionals, you will often encounter women of childbearing age who may be pregnant, or you may have children of your own, or maybe it is a friend who is pregnant. In any case, pregnancy and childbirth are relevant to all of us, and unfortunately, these processes often culminate in negative outcomes. For example, 50% of all embryos are spontaneously aborted. Furthermore, prematurity and birth defects are the leading causes of infant mortality and major contributors to disabilities. Fortunately, new strategies can improve pregnancy outcomes, and health care professionals have a major role to play in implementing these initiatives. However, a basic knowledge of embryology is essential to the success of these strategies, and with this knowledge, every health care professional can play a role in providing healthier babies. To accomplish its goal of providing a basic understanding of embryology and its clinical relevance, Langman's Medical Embryology retains its unique approach of combining an economy of text with excellent diagrams and clinical images. It stresses the clinical importance of the subject by providing numerous clinical examples that result from abnormal embryological events. The following pedagogic features and updates in the 14th edition help facilitate student learning"--12aEmbryonic Development22aFetal Development22aCongenital Abnormalities 2lcccBKeFifteeneth editionh601iSADkQM 001040708NFICaMLbMLcFICd2025-02-18ePurchasel6m3oQM 601 SAD 2024p033782r2026-03-30 09:45:17s2026-03-10tC.1w2025-02-18yBK 00104070aMLbMLcGENd2025-07-07eBaroda Tradingl3m6oQM601 SAD 2024p034119r2026-03-24 11:01:14s2026-03-13tc.2w2025-07-07yBK 00104070aMLbMLcGENd2025-07-07eBaroda Tradingl5m11oQM601 SAD 2024p034118r2026-05-14 08:59:50s2026-04-15tc.3w2025-07-07yBK 00104070aMLbMLcGENd2025-07-07eBaroda Tradingl5m5oQM601 SAD 2024p034117q2026-05-20r2026-05-11 14:25:32s2026-05-11tc.4w2025-07-07yBK c11489d11489